000 01364nam0a22002651 4500
001 rc\4535325
005 20250612111826.0
021 _aRU
_b[68-25515]
035 _a(NLR Aleph) 008632362
090 _a8890527
_c8890527
100 _a20130416d1968 |||y0rusy50 ca
101 0 _arus
102 _aRU
105 _ay z |||||
200 1 _aОсобенности политической организации государств, развивающихся по некапиталистическому пути
_eУчеб. пособие для студентов вечерних и заоч. вузов к курсу "Гос. право буржуазных стран и стран, освободившихся от колон. зависимости"
_fЛенингр. ордена Ленина гос. ун-т им. А.А. Жданова
210 _aЛенинград
_cИзд-во Ленингр. ун-та
_d1968
215 _a35 с.
_d22
225 1 _a[В помощь студентам вечерних и заочных вузов]
607 _aРазвивающиеся страны
_xПолитическая организация общества
_2psbo
700 1 _aКожохин
_bБ.И.
_gБорис Иванович
801 0 _aRU
_bNLR
_gpsbo
801 1 _aRU
_bELAR
_2rusmarc
852 _aNLR
_j68-6/4899
942 _cBOOK
980 _aNB